| 000 | 00476nam a2200157Ia 4500 | ||
|---|---|---|---|
| 008 | 230917s9999||||xx |||||||||||||| ||und|| | ||
| 020 | _cRS55 | ||
| 040 |
_e163978 _aMAIN |
||
| 041 | _aEnglish | ||
| 082 | _a891.4317109 MB896:TV | ||
| 100 | _aतिवारी, विश्वनाथप्रसाद, सम्पा. | ||
| 245 | 0 | _aमुक्तिबोध | |
| 260 |
_aदिल्ली _bज्ञान भारती _c1986 |
||
| 300 | _a205 p. | ||
| 942 | _cHN | ||
| 999 |
_c52899 _d52899 |
||